[Event "Bristol League Congress Open"]
[Site "?"]
[Date "1998.??.??"]
[Round "1"]
[White "Cobb, C."]
[Black "Buckley, M."]
[Result "0-1"]
[WhiteElo "2281"]
[BlackElo "1928"]
[PlyCount "64"]
[EventDate "1998.02.06"]

1. d4 Nf6 2. Nf3 g6 3. c4 Bg7 4. Nc3 d5 5. e3 O-O 6. Be2 dxc4 7. Bxc4 c5 8. O-O
Nc6 9. h3 Qc7 10. Qe2 a6 11. dxc5 Na5 12. e4 Nxc4 13. Qxc4 b5 14. Qb4 a5 15.
Qb3 b4 16. Nd5 Nxd5 17. exd5 Qxc5 18. Be3 Qd6 19. a3 {(=)} Bb7 20. Rfd1 Rfd8
21. axb4 Bxd5 22. Qa4 axb4 23. Qxa8 Rxa8 24. Rxa8+ Bxa8 25. Rxd6 exd6 26. Nd4
Kf8 27. f3 Ke7 28. Kf2 f5 29. Nc2 b3 30. Bg5+ Ke6 31. Na1 Bd5 32. Bc1 Bc4 0-1

[Event "Bristol League Congress Open"]
[Site "?"]
[Date "1998.02.06"]
[Round "1"]
[White "Richards, J."]
[Black "Phillips, R."]
[Result "1-0"]
[WhiteElo "1896"]
[BlackElo "2232"]
[PlyCount "59"]
[EventDate "1998.02.06"]

1. e4 c5 2. Nf3 d6 3. Bc4 Nc6 4. c3 Nf6 5. d3 e6 6. O-O Be7 7. Re1 O-O 8. Nbd2
Rb8 9. Bb3 b6 10. Nf1 Ba6 11. Ng3 Nd7 12. d4 cxd4 13. Nxd4 Nce5 14. f4 Nd3 15.
Nc6 Qe8 16. Nxb8 Qxb8 17. Re3 Nxf4 18. Rf3 Ng6 19. Bf4 Nxf4 20. Rxf4 d5 21. Rf3
dxe4 22. Nxe4 Nc5 23. Nxc5 Bxc5+ 24. Kh1 Rd8 25. Qe1 Qc7 26. Rxf7 Kxf7 27.
Qxe6+ Kf8 28. Qg8+ Ke7 29. Qf7+ Kd6 30. Qe6# 1-0

[Event "Bristol League Congress Open"]
[Site "?"]
[Date "1998.??.??"]
[Round "1"]
[White "Helbig, P."]
[Black "Grossett, D."]
[Result "0-1"]
[WhiteElo "2096"]
[BlackElo "1912"]
[PlyCount "110"]
[EventDate "1998.02.06"]

1. e4 e6 2. d4 d5 3. Nc3 dxe4 4. Nxe4 Bd7 5. Nf3 Bc6 6. Bd3 Nd7 7. O-O Ngf6 8.
Neg5 Be7 9. Nxf7 Kxf7 10. Ng5+ Kg8 11. Nxe6 Qc8 12. Qe2 Bd6 13. Bc4 Nb6 14. Bb3
Ba4 15. Nxc7+ Bxb3 16. Nxa8 Bc4 17. Nxb6 axb6 18. Qf3 Bxf1 19. Kxf1 Qxc2 20.
Bg5 Qc4+ 21. Kg1 Qd5 22. Qe2 {(=)} Kf7 23. Bxf6 gxf6 24. Re1 Bb4 25. Rc1 Re8
26. Qg4 Qg5 27. Qd7+ Re7 28. Qc8 Qxc1+ 29. Qxc1 Re1+ 30. Qxe1 Bxe1 31. Kf1 Bb4
32. Ke2 Ke6 33. Kf3 Kf5 34. g4+ Kg5 35. h3 f5 36. gxf5 Kxf5 37. Ke3 b5 38. b3
Bd6 39. a4 b4 40. Kd3 Kf4 41. Kc4 Ke4 42. a5 Bc7 43. Kxb4 Kxd4 44. Kb5 h5 45.
a6 bxa6+ 46. Kxa6 Ke4 47. Kb7 Be5 48. Kc6 Bd4 49. f4 Kxf4 50. Kd5 Bb6 51. b4
Kg3 52. Ke4 Kxh3 53. Kf3 Kh2 54. Kf4 h4 55. Kf3 h3 0-1

[Event "Bristol League Congress Open"]
[Site "?"]
[Date "1998.02.06"]
[Round "1"]
[White "Buckley, S."]
[Black "White, EM."]
[Result "1-0"]
[WhiteElo "2056"]
[BlackElo "1768"]
[PlyCount "69"]
[EventDate "1998.02.06"]

1. e4 e5 2. Bc4 Nf6 3. d3 c6 4. Nf3 d5 5. Bb3 Bd6 6. Nc3 d4 7. Ne2 Bg4 8. Ng3
h6 9. h3 Bd7 10. O-O Na6 11. a3 Qc8 12. Nh4 Nc5 13. Ba2 Be6 14. Nhf5 Bf8 15. f4
exf4 16. Bxf4 Bxa2 17. Rxa2 Ne6 18. Be5 Qd7 19. Bxf6 gxf6 20. Nh5 O-O-O 21.
Nxf6 Qc7 22. Qg4 Bc5 23. b4 Bb6 24. Qg3 a6 25. e5 Kb8 26. a4 c5 27. b5 a5 28.
Nd6 Rdf8 29. Nde4 Rd8 30. Nd6 Ka7 31. Nd5 Qb8 32. Nxb6 Kxb6 33. Ne4 Ka7 34. b6+
Ka8 35. Qe1 1-0

[Event "Bristol League Congress Open"]
[Site "?"]
[Date "1998.??.??"]
[Round "2"]
[White "Grossett, D."]
[Black "Buckley, S."]
[Result "0-1"]
[WhiteElo "1912"]
[BlackElo "2056"]
[PlyCount "68"]
[EventDate "1998.02.06"]

1. d4 Nf6 2. Nf3 g6 3. c4 Bg7 4. Nc3 O-O 5. e4 d6 6. Be2 e5 7. Be3 Nc6 8. d5
Ne7 9. O-O Ng4 10. Bd2 f5 11. Ng5 Nf6 12. f3 h6 13. Ne6 Bxe6 14. dxe6 c6 15.
Qc2 Qc8 16. b4 Qxe6 17. b5 Kh7 18. Rab1 Rfb8 19. Be3 a6 20. a4 d5 21. bxc6 bxc6
22. cxd5 cxd5 23. Rxb8 Rxb8 24. Qa2 Qd7 25. Nxd5 Nexd5 26. exd5 Qxd5 27. Bc4
Qa5 28. Rd1 f4 29. Bf2 e4 30. fxe4 Nxe4 31. Be1 Qc5+ 32. Kh1 Rb2 33. Bg8+ Kh8
34. Qd5 Qc2 0-1

[Event "Bristol League Congress Open"]
[Site "?"]
[Date "1998.??.??"]
[Round "2"]
[White "Dilleigh, S."]
[Black "Rawlinson, A."]
[Result "1-0"]
[WhiteElo "2001"]
[BlackElo "1616"]
[PlyCount "121"]
[EventDate "1998.02.06"]

1. d4 f5 2. e4 fxe4 3. Nc3 Nf6 4. Bg5 Nc6 5. d5 Ne5 6. Qd4 Nf7 7. h4 e5 8. dxe6
dxe6 9. Bxf6 gxf6 10. Qxe4 Nd6 11. Qf3 Bd7 12. Qh5+ Nf7 13. O-O-O Qe7 14. Nh3
O-O-O 15. Bc4 Qc5 16. Qe2 Ne5 17. Bb3 Bh6+ 18. Kb1 Qe7 19. f4 Nc6 20. g4 e5 21.
Nd5 Qf8 22. g5 Bg7 23. gxf6 Bxf6 24. Nxf6 Qxf6 25. fxe5 Qxe5 26. Qxe5 Nxe5 27.
Ng5 Bc6 {(=)} 28. Rhe1 Nf3 29. Be6+ Kb8 30. Rxd8+ Rxd8 31. Nxf3 Bxf3 32. Bf5 h6
33. b3 Rd1+ 34. Rxd1 Bxd1 35. Kc1 Bf3 36. Kd2 c5 37. Ke3 Bh5 38. Kf4 Kc7 39.
Ke5 Kc6 40. Be4+ Kb5 41. Bxb7 Kb4 42. Be4 c4 43. bxc4 Kxc4 44. Kf6 Kc3 45. Kg7
a5 46. Kxh6 Bf7 47. Kg7 Bxa2 48. h5 Bb1 49. h6 Bxc2 50. Bxc2 Kxc2 51. h7 a4 52.
h8=Q a3 53. Kf7 Kb1 54. Qh7+ Kb2 55. Qg7+ Kb1 56. Qg6+ Kb2 57. Qf6+ Kb1 58.
Qf5+ Kb2 59. Qe5+ Kb1 60. Qe4+ Kb2 61. Qb4+ 1-0

[Event "Bristol League Congress Open"]
[Site "?"]
[Date "1998.??.??"]
[Round "2"]
[White "Buckley, M."]
[Black "Buckley, D."]
[Result "1/2-1/2"]
[WhiteElo "1928"]
[BlackElo "1961"]
[PlyCount "40"]
[EventDate "1998.02.06"]

1. e4 Nf6 2. Nc3 d5 3. e5 Ne4 4. Nce2 f6 5. d3 Ng5 6. Ng3 Nf7 7. exf6 exf6 8.
d4 Bd6 9. Bd3 Nc6 10. c3 Be6 11. N1e2 Qd7 12. Nf4 Ne7 13. Nxe6 Qxe6+ 14. Qe2
Qxe2+ 15. Nxe2 O-O-O 16. Bf4 Ng6 17. Bxd6 Nxd6 18. Bxg6 hxg6 19. f3 Rhe8 20.
Kf2 g5 1/2-1/2

[Event "Bristol League Congress Open"]
[Site "?"]
[Date "1998.02.07"]
[Round "2"]
[White "Phillips, R."]
[Black "White, EM."]
[Result "1-0"]
[WhiteElo "2232"]
[BlackElo "1768"]
[PlyCount "51"]
[EventDate "1998.02.06"]

1. e4 e5 2. Nf3 Nc6 3. Bb5 f5 4. d3 fxe4 5. dxe4 Bc5 6. Qd5 d6 7. Nxe5 Bxf2+ 8.
Kxf2 dxe5 9. Bxc6+ bxc6 10. Qxe5+ Ne7 11. Re1 O-O+ 12. Kg1 Ng6 13. Qg3 Ba6 14.
Nc3 Qf6 15. Bg5 Qd4+ 16. Be3 Qc4 17. Rad1 Rf7 18. h3 Raf8 19. Bxa7 c5 20. b3
Rf1+ 21. Kh2 Qb4 22. Nd5 Qa3 23. Rxf1 Bxf1 24. Qxc7 Qa6 25. Ne3 h6 26. Rd7 1-0

[Event "Bristol League Congress Open"]
[Site "?"]
[Date "1998.02.07"]
[Round "3"]
[White "Buckley, S."]
[Black "Dilleigh, S."]
[Result "1/2-1/2"]
[WhiteElo "2056"]
[BlackElo "2001"]
[PlyCount "33"]
[EventDate "1998.02.06"]

1. e4 c5 2. Nc3 Nc6 3. Nge2 d6 4. g3 g6 5. Bg2 Bg7 6. O-O e5 7. d3 Nge7 8. Nd5
O-O 9. Bg5 f6 10. Be3 Nd4 11. c3 Nxe2+ 12. Qxe2 Nxd5 13. exd5 f5 14. Qd2 Bd7
15. f4 Re8 16. fxe5 Bxe5 17. d4 1/2-1/2

[Event "Bristol League Congress Open"]
[Site "?"]
[Date "1998.??.??"]
[Round "3"]
[White "Buckley, D."]
[Black "Baker, CW."]
[Result "0-1"]
[WhiteElo "1961"]
[BlackElo "2288"]
[PlyCount "84"]
[EventDate "1998.02.06"]

1. e4 e6 2. d4 c5 3. d5 exd5 4. exd5 d6 5. Nf3 Nf6 6. Be2 g6 7. Bg5 Bg7 8. Nc3
O-O 9. O-O a6 10. a4 h6 11. Bf4 g5 12. Bg3 Nh5 13. Nd2 Nxg3 14. hxg3 Nd7 15.
Nc4 Ne5 16. g4 Bxg4 17. Nxe5 Bxe2 18. Nxf7 Bxd1 19. Nxd8 Bxc2 20. Nxb7 Rab8 21.
Nxd6 Rxb2 22. Nce4 Rb4 23. Nxc5 Bxa1 24. Rxa1 Rd8 25. Rc1 Rb1 26. Rxb1 Bxb1 27.
Ndb7 Rxd5 28. Nxa6 Bc2 29. Nac5 Rd1+ 30. Kh2 Ra1 31. a5 Ba4 32. Kh3 Bc6 33. g3
Bf3 34. g4 Ra3 35. Nd6 Be2+ 36. Kg2 Bxg4 37. a6 Bf3+ 38. Kh2 Be2 39. Nf5 Kh7
40. Ne6 Rxa6 41. Nfd4 Bg4 42. Nc5 Rd6 0-1

[Event "Bristol League Congress Open"]
[Site "?"]
[Date "1998.??.??"]
[Round "3"]
[White "Buckley, M."]
[Black "Collier, D."]
[Result "1-0"]
[WhiteElo "1928"]
[BlackElo "2088"]
[PlyCount "126"]
[EventDate "1998.02.06"]

1. e4 c5 2. Nc3 d6 3. g3 Nc6 4. Bg2 g6 5. d3 Bg7 6. Be3 e6 7. Qd2 Nd4 8. Nd1 e5
9. c3 Ne6 10. Ne2 h5 11. h4 Nf6 12. d4 Qa5 13. d5 Nc7 14. b4 Qa3 15. bxc5 dxc5
16. Nb2 O-O 17. O-O Rd8 18. Rfd1 Ng4 19. Nc4 Qa6 20. Nb2 Nxe3 21. Qxe3 Bg4 22.
f3 Bd7 23. Bf1 Qf6 24. Bg2 b6 25. a4 Bf8 26. Kh1 Kh7 27. f4 Bh6 28. fxe5 Qxe5
29. Qf2 Qg7 30. Nc4 Ne8 31. Rf1 Kg8 32. e5 Bf5 33. Ne3 Bd3 34. e6 f5 35. Rad1
Bxe2 36. Qxe2 Qe5 37. Rf3 Nf6 38. Re1 Ne4 39. Nf1 Rxd5 40. Rd3 Rxd3 41. Qxd3
Nf2+ 42. Kg1 Nxd3 43. Rxe5 Nxe5 44. Bxa8 Kf8 45. Kf2 Ke7 46. Bd5 Kd6 47. Ba2 c4
48. Ne3 Bxe3+ 49. Kxe3 Kxe6 50. Kd4 Kd6 51. Bb1 a6 52. Bc2 b5 53. axb5 axb5 54.
Bd1 Nc6+ 55. Ke3 Ke5 56. Bf3 Ne7 57. Bb7 Nd5+ 58. Kd2 Nf6 59. Bc6 Ne4+ 60. Kc2
Nxg3 61. Bxb5 Kd5 62. Be8 f4 63. Kd2 Ne4+ {Time.} 1-0

[Event "Bristol League Congress Open"]
[Site "?"]
[Date "1998.??.??"]
[Round "3"]
[White "Cobb, C."]
[Black "Grossett, D."]
[Result "1-0"]
[WhiteElo "2281"]
[BlackElo "1912"]
[PlyCount "73"]
[EventDate "1998.02.06"]

1. d4 Nf6 2. Nf3 g6 3. c4 Bg7 4. Nc3 O-O 5. e4 d6 6. Be2 e5 7. O-O exd4 8. Nxd4
Re8 9. f3 c6 10. Kh1 Nbd7 11. Bg5 Qa5 12. Qd2 Nxe4 13. fxe4 Bxd4 14. Qxd4 Qxg5
15. Qxd6 Qe5 {(=)} 16. Qd2 Nc5 17. Rf4 Be6 18. Qe3 Rad8 19. Raf1 b6 20. h3 Re7
21. Rh4 Red7 22. Qh6 Qg7 23. Qg5 Nd3 24. Bxd3 Rxd3 25. e5 R3d4 26. Ne4 h5 27.
Nf6+ Kf8 28. Rxd4 Rxd4 29. Qe3 c5 30. Qf3 Qh8 31. b3 Kg7 32. Ne4 Bf5 33. Nd6
Qh6 34. Qb7 Rxd6 35. exd6 Qd2 36. Qc7 Qd3 37. Rxf5 1-0

[Event "Bristol League Congress Open"]
[Site "?"]
[Date "1998.??.??"]
[Round "3"]
[White "Rawlinson, A."]
[Black "Phillips, R."]
[Result "0-1"]
[WhiteElo "1616"]
[BlackElo "2232"]
[PlyCount "50"]
[EventDate "1998.02.06"]

1. e4 g6 2. d4 Bg7 3. Nc3 c6 4. Bc4 d6 5. f4 e6 6. Nf3 d5 7. Bb3 Ne7 8. Be3 Nd7
9. Qd2 Qa5 10. Ne5 f6 11. Nxd7 Bxd7 12. e5 O-O-O 13. O-O h6 14. a4 Rdg8 15. Qf2
Nf5 16. Bd2 Qc7 17. g4 Ne7 18. a5 g5 19. a6 b6 20. Na4 h5 21. c4 gxf4 22. Bxf4
fxe5 23. Bg3 h4 24. Bxh4 e4 25. Bxe7 Bxd4 0-1

[Event "Bristol League Congress Open"]
[Site "?"]
[Date "1998.??.??"]
[Round "4"]
[White "Baker, CW."]
[Black "Buckley, S."]
[Result "1-0"]
[WhiteElo "2288"]
[BlackElo "2056"]
[PlyCount "51"]
[EventDate "1998.02.06"]

1. d4 Nf6 2. Nf3 g6 3. Nc3 d5 4. Bf4 Bg7 5. e3 O-O 6. Be2 c5 7. Ne5 Ne4 8. Nxe4
dxe4 9. c3 Nd7 10. Nxd7 Qxd7 11. O-O Qc6 12. Qb3 Be6 13. Qa3 Rfc8 14. Rfd1 a5
15. dxc5 Qxc5 16. Rd8+ Rxd8 17. Qxc5 Rd2 18. Qb5 Rad8 19. h3 h6 20. Bf1 Kh7 21.
Qxa5 g5 22. Bc7 R8d5 23. Qb4 Rf5 24. Qxe4 Kg8 25. Bg3 Rxb2 26. Bc4 1-0

[Event "Bristol League Congress Open"]
[Site "?"]
[Date "1998.??.??"]
[Round "4"]
[White "Dilleigh, S."]
[Black "Buckley, M."]
[Result "1-0"]
[WhiteElo "2001"]
[BlackElo "1928"]
[PlyCount "49"]
[EventDate "1998.02.06"]

1. d4 Nf6 2. c4 g6 3. Nc3 d5 4. cxd5 Nxd5 5. e4 Nxc3 6. bxc3 Bg7 7. Nf3 c5 8.
Rb1 O-O 9. Be2 b6 10. O-O cxd4 11. cxd4 Bb7 12. Qd3 Nd7 13. Rd1 Rc8 14. Bb2 Nb8
15. h4 Qc7 16. Qe3 Ba6 17. Bxa6 Nxa6 18. h5 Qb7 19. d5 Nc5 20. Bxg7 Kxg7 21.
h6+ Kg8 22. Qd4 f6 23. e5 Rcd8 24. Qxc5 fxe5 25. Qc6 1-0

[Event "Bristol League Congress Open"]
[Site "?"]
[Date "1998.02.08"]
[Round "4"]
[White "Phillips, R."]
[Black "Cobb, C."]
[Result "0-1"]
[WhiteElo "2232"]
[BlackElo "2281"]
[PlyCount "86"]
[EventDate "1998.02.06"]

1. c4 e6 2. Nc3 d5 3. d4 c6 4. Nf3 dxc4 5. a4 Bb4 6. e3 b5 7. Bd2 a5 8. axb5
Bxc3 9. Bxc3 cxb5 10. b3 Bb7 11. bxc4 b4 12. Bb2 Nf6 13. Bd3 Nbd7 14. O-O O-O
15. Nd2 Nc5 16. Bc2 Nce4 17. Nxe4 Bxe4 18. Ba4 Qc7 19. f3 Bc6 20. Qb3 Nd7 21.
Bxc6 Qxc6 22. c5 e5 23. Ra4 exd4 24. exd4 Ra7 25. Rfa1 Rfa8 26. R4a2 {(=)} Nf6
27. Qa4 Qa6 28. Re1 h6 29. Ba1 Rc7 30. Rae2 Qc6 31. Qb3 Qb7 32. Re5 a4 33. Qc4
b3 34. Rb1 Qa6 35. Qc3 Qc6 36. Qc4 Re8 37. Rxe8+ Nxe8 38. Rc1 Nf6 39. Bc3 Rb7
40. Rb1 Nd5 41. Bd2 a3 42. Rxb3 a2 43. Bc3 Nxc3 0-1

[Event "Bristol League Congress Open"]
[Site "?"]
[Date "1998.??.??"]
[Round "4"]
[White "Beaumont, C."]
[Black "Richards, J."]
[Result "0-1"]
[WhiteElo "2281"]
[BlackElo "1896"]
[PlyCount "47"]
[EventDate "1998.02.06"]

1. e4 c6 2. d4 d5 3. exd5 cxd5 4. c4 Nf6 5. Nc3 g6 6. cxd5 Bg7 7. Bb5+ Nbd7 8.
d6 O-O 9. dxe7 Re8 10. Nge2 Qxe7 11. O-O a6 12. Bd3 b5 13. Bg5 Bb7 14. Qd2 Nb6
15. Bh6 Bh8 16. a3 Rad8 17. Rad1 Qc7 18. f3 Nc4 19. Qc1 Rc8 20. Ng3 Nxb2 21.
Qxb2 Qxc3 22. Qb4 Nd5 23. Qd6 Red8 24. Nf5 0-1

[Event "Bristol League Congress Open"]
[Site "?"]
[Date "1998.??.??"]
[Round "4"]
[White "Collier, D."]
[Black "Buckley, D."]
[Result "1-0"]
[WhiteElo "2088"]
[BlackElo "1961"]
[PlyCount "89"]
[EventDate "1998.02.06"]

1. d4 d5 2. Bg5 c6 3. Nf3 Qb6 4. b3 Bf5 5. e3 e6 6. Bd3 Bxd3 7. Qxd3 Be7 8.
Bxe7 Nxe7 9. O-O Nd7 10. c4 O-O 11. Nc3 f5 12. Ne5 Nxe5 13. dxe5 Rad8 14. Na4
Qa5 15. c5 Ng6 16. f4 Qb4 {(=)} 17. Qd4 Qxd4 18. exd4 Ne7 19. b4 h6 20. Nc3 g5
21. Ne2 Ng6 22. g3 gxf4 23. gxf4 Kh7 24. Kf2 Rg8 25. Rg1 Rd7 26. Rg3 Rdg7 27.
a4 Ne7 28. b5 h5 29. Rag1 Rg4 30. h3 Rxg3 31. Rxg3 h4 {(=)} 32. Rxg8 Kxg8 33.
Nc1 cxb5 34. axb5 a6 35. c6 axb5 36. cxb7 Nc6 37. Nb3 Kf7 38. Nc5 Ke7 39. Na6
b4 40. Ke3 b3 41. Kd3 b2 42. Kc2 Nxd4+ 43. Kxb2 Nc6 44. b8=Q Nxb8 45. Nxb8 1-0

[Event "Bristol League Congress Open"]
[Site "?"]
[Date "1998.02.08"]
[Round "4"]
[White "Grossett, D."]
[Black "Rawlinson, A."]
[Result "1-0"]
[WhiteElo "1912"]
[BlackElo "1616"]
[PlyCount "65"]
[EventDate "1998.02.06"]

1. d4 f5 2. Nf3 Nf6 3. g3 g6 4. Bg2 Bg7 5. c4 O-O 6. Nc3 d6 7. O-O Qe8 8. Qc2
Na6 9. a3 e5 10. e3 h6 11. b4 c5 12. Rb1 g5 13. b5 Nc7 14. b6 Na6 15. Nb5 Ne4
16. Nxa7 cxd4 17. exd4 exd4 18. Bb2 d3 19. Qxd3 Nac5 20. Qc2 f4 21. Nxc8 Rxc8
22. Nd2 Nxd2 23. Bd5+ Kh8 24. Qxd2 Qh5 25. Rfe1 f3 26. Bxg7+ Kxg7 27. Qd4+ Kg6
28. Re7 Qh3 29. Qg7+ Kh5 30. Bf7+ Rxf7 31. Qxf7+ Kg4 32. Re4+ Nxe4 33. Qe6+ 1-0

[Event "Bristol League Congress Open"]
[Site "?"]
[Date "1998.02.08"]
[Round "5"]
[White "Dilleigh, S."]
[Black "Baker, CW."]
[Result "0-1"]
[WhiteElo "2001"]
[BlackElo "2288"]
[PlyCount "70"]
[EventDate "1998.02.06"]

1. d4 e6 2. c4 Bb4+ 3. Nd2 Nf6 4. Ngf3 O-O 5. g3 d5 6. Bg2 c5 7. O-O Nc6 8.
cxd5 Qxd5 9. Ne5 Qxd4 10. Nxc6 bxc6 11. Bxc6 Rb8 12. Nb3 Qxd1 13. Rxd1 c4 14.
Nd4 e5 15. Nc2 Be7 16. b3 Bg4 17. f3 cxb3 18. axb3 Rfc8 19. Ra6 Be6 20. Na1
Bc5+ 21. Kg2 Rd8 22. Re1 Nd5 23. Bxd5 Bxd5 24. Ba3 Bd4 25. Rd6 Rxd6 26. Bxd6
Rb6 27. Bc7 Rc6 28. Ba5 f6 29. Rd1 Be6 30. b4 Rc3 31. Kf1 Bc4 32. Re1 Rxf3+ 33.
Kg2 Rf2+ 34. Kh1 Bd5+ 35. e4 Rf1+ 0-1

[Event "Bristol League Congress Open"]
[Site "?"]
[Date "1998.02.08"]
[Round "5"]
[White "Cobb, C."]
[Black "Richards, J."]
[Result "1-0"]
[WhiteElo "2281"]
[BlackElo "1896"]
[PlyCount "113"]
[EventDate "1998.02.06"]

1. d4 Nf6 2. Nf3 g6 3. c4 Bg7 4. Nc3 d5 5. Qb3 dxc4 6. Qxc4 a6 7. Bf4 c6 8. e4
O-O 9. Be2 b5 10. Qd3 Qa5 11. O-O Rd8 12. a3 Be6 13. Qc2 Qb6 14. Rfd1 Nbd7 15.
h3 Nf8 16. Be3 Qb7 17. Rd2 a5 18. Ng5 b4 19. Na4 bxa3 20. Rxa3 h6 21. Nxe6 Nxe6
22. Rb3 Qc7 23. Rc3 c5 24. Nxc5 Nxc5 25. Rxc5 Qb7 26. Bf3 Nd7 27. Rc7 Qb4 28.
e5 Rab8 29. e6 Nb6 30. exf7+ Kxf7 31. d5 Be5 32. Rc6 Rd6 33. Bc5 Rxc6 34. dxc6
Qf4 35. Kf1 Kg7 36. Be3 Qc4+ 37. Be2 Qxc2 38. Rxc2 Nd5 39. Rc5 Nxe3+ 40. fxe3
Bc7 41. Rc2 Rd8 42. Kf2 Kf6 43. Kf3 Rd5 44. g4 h5 45. h4 hxg4+ 46. Kxg4 Re5 47.
Rc3 Re4+ 48. Kh3 g5 49. hxg5+ Kxg5 50. Kg2 Rh4 51. Rd3 Bd6 52. Rd5+ Kf6 53.
Rxd6+ exd6 54. c7 Rh8 55. Ba6 Ke5 56. Kf3 Rf8+ 57. Ke2 1-0

[Event "Bristol League Congress Open"]
[Site "?"]
[Date "1998.02.08"]
[Round "5"]
[White "Buckley, S."]
[Black "Collier, D."]
[Result "1/2-1/2"]
[WhiteElo "2056"]
[BlackElo "2088"]
[PlyCount "108"]
[EventDate "1998.02.06"]

1. e4 c5 2. Nc3 d6 3. Nge2 Nc6 4. d4 cxd4 5. Nxd4 e6 6. f4 Nxd4 7. Qxd4 Ne7 8.
Be3 Nc6 9. Bb5 Bd7 10. Bxc6 bxc6 11. O-O c5 12. Qd2 Be7 13. f5 Qb6 14. Rab1 Qc7
15. Qe2 Bf6 16. fxe6 fxe6 17. Qh5+ g6 18. Qh6 Bxc3 19. bxc3 Bc6 20. Rf6 O-O-O
21. Qh3 Rhe8 22. Qf3 Rd7 23. Qg4 Rf7 24. Rxe6 Rxe6 25. Qxe6+ Qd7 26. Qb3 Bb7
27. Qb5 {(=)} Qxb5 28. Rxb5 Bxe4 29. Rb2 Bd5 30. a3 Kc7 31. Bf2 Rf4 32. Rb1 Rc4
33. Rd1 Kc6 34. Be1 Re4 35. Kf2 h5 36. g3 Bc4 37. Rd2 Re7 38. h3 Rf7+ 39. Kg2
Bd5+ 40. Kg1 Bc4 41. Rf2 Rxf2 42. Kxf2 Be6 43. h4 Bf5 44. Ke2 Bxc2 45. Kd2 Bf5
46. Kc1 Kb5 47. Kb2 Kc4 48. Bd2 a6 49. Bf4 d5 50. Bd6 d4 51. cxd4 cxd4 52. Kc1
Kc3 53. Bb4+ Kd3 54. Bd2 Ke2 1/2-1/2

[Event "Bristol League Congress Open"]
[Site "?"]
[Date "1998.02.08"]
[Round "5"]
[White "Buckley, M."]
[Black "White, EM."]
[Result "1-0"]
[WhiteElo "1928"]
[BlackElo "1768"]
[PlyCount "41"]
[EventDate "1998.02.06"]

1. e4 e5 2. Nf3 Nc6 3. Bb5 f5 4. d3 fxe4 5. dxe4 Nf6 6. Bg5 Bc5 7. Nc3 d6 8.
Nd5 O-O 9. Nxf6+ gxf6 10. Bh6 Re8 11. Bc4+ Kh8 12. Qd2 Qe7 13. O-O-O Rb8 14. h3
b5 15. Bd5 Nb4 16. g4 Nxd5 17. exd5 e4 18. Nd4 Qe5 19. Nc6 e3 20. Bxe3 Bxe3 21.
fxe3 1-0

[Event "Bristol League Congress Open"]
[Site "?"]
[Date "1998.02.08"]
[Round "5"]
[White "Buckley, D."]
[Black "Rawlinson, A."]
[Result "1-0"]
[WhiteElo "1961"]
[BlackElo "1616"]
[PlyCount "97"]
[EventDate "1998.02.06"]

1. e4 c5 2. Nc3 e6 3. Nge2 d5 4. exd5 exd5 5. d4 Nc6 6. Be3 cxd4 7. Nxd4 Nf6 8.
Be2 Bb4 9. O-O Bxc3 10. bxc3 O-O 11. Bg5 a6 12. Bf3 Qd6 13. Bxf6 Qxf6 14. Bxd5
Nxd4 15. cxd4 Rd8 16. Qf3 Rb8 17. Rfe1 b5 18. Qxf6 gxf6 19. Bb3 Rxd4 20. Re7
Rd7 21. Bxf7+ Kf8 22. Rxd7 Bxd7 23. Bb3 Rc8 24. Rc1 b4 25. Rd1 Bf5 26. Rd2 Ke7
27. f3 Rc5 28. g4 Bg6 29. Re2+ Re5 30. Rxe5+ fxe5 31. Kf2 Kd6 32. Ke3 Kc5 33.
h4 h6 34. f4 exf4+ 35. Kxf4 Kd4 36. h5 Bh7 37. g5 hxg5+ 38. Kxg5 Kc3 39. h6 a5
40. Kf6 Kb2 41. Kg7 Be4 42. h7 Bxh7 43. Kxh7 Ka3 44. Kg7 a4 45. Be6 Kb2 46. Bd7
b3 47. cxb3 axb3 48. a4 Kc3 49. a5 1-0